| 000 | 00437nam a2200157Ia 4500 | ||
|---|---|---|---|
| 003 | GCL | ||
| 008 | 140319s9999 xx 000 0 ara d | ||
| 040 |
_aGCL / _cGCL |
||
| 082 | 0 | 4 |
_aط _b813.02 _bع ح |
| 100 | 1 | _aعاطف عبدالرشيد | |
| 245 | 1 | 0 |
_aحكاية المصاصة / _cعاطف عبدالرشيد |
| 700 | 1 | _aعاصم عبدالفتاح | |
| 490 |
_aاطفالنا _v0 |
||
| 650 | 0 | 4 | _aالاطفال |
| 942 |
_2ddc _cBK |
||
| 999 |
_c51166 _d51166 |
||